Statystyki dla Jakie waluty miały kraje przed euro

Kliknij tutaj aby rozwiązać quiz!

Ogólne statystyki

  • Ten quiz został rozwiązany 9 razy
    (3 od ostatniego zresetowania)
  • Średni wynik to 12 z 26

Statystyki odpowiedzi

PaństwaWaluta% Poprawnych
AndoraFrank/Peseta
100%
FrancjaFrank
67%
BelgiaFrank
67%
MonakoFrank
67%
CyprFunt
67%
IrlandiaFunt
67%
ChorwacjaKuna
67%
NiemcyMark
67%
HiszpaniaPeseta
67%
GrecjaDrachma
33%
PortugaliaEscudo
33%
LuksemburgFrank
33%
Holandiagulden
33%
SłowacjaKorona
33%
EstoniaKorona
33%
ŁotwaŁat
33%
WatykanLira
33%
San MarinoLira
33%
WłochyLira
33%
MaltaLira
33%
Litwalit
33%
FinlandiaMark
33%
CzarnogóraMark
33%
KosowoMark
33%
AustriaSzyling
33%
SłoweniaTolar
33%

Rozkład punktacji

Percentyl według liczby udzielonych odpowiedzi

Procent ludzi z każdym wynikiem

Twoja historia wyników

Nie rozwiązałeś tego quizu od ostatniego zresetowania